[Trhová transparentnosť a zneužívanie kapitálového trhu v korelácii poskytovania investičných služieb, výkonu investičných činností a organizovania regulovaného trhu]

Recenzia na monografiu, ktorá predstavuje súhrnné vedecké spracovanie a komplexné zhodnotenie doteraz nedostatočne spracovanej problematiky súčasnej právnej regulá cie informačného správania sa vybraných trhových subjektov kapitálového trhu a jednotlivých foriem zneužívania kapitálového trhu v európ...

Descripción completa

Guardado en:
Detalles Bibliográficos
Autor principal: Holub, Dušan
Formato: Capítulo de libro
Lenguaje:eslovaco
Materias:
Etiquetas: Agregar Etiqueta
Sin Etiquetas, Sea el primero en etiquetar este registro!

MARC

LEADER 00000naa a2200000 4500
001 0225765
005 20240502073713.4
041 0 |a slo 
044 |a SK 
245 1 0 |a [Trhová transparentnosť a zneužívanie kapitálového trhu v korelácii poskytovania investičných služieb, výkonu investičných činností a organizovania regulovaného trhu]  |c Dušan Holub 
520 |a Recenzia na monografiu, ktorá predstavuje súhrnné vedecké spracovanie a komplexné zhodnotenie doteraz nedostatočne spracovanej problematiky súčasnej právnej regulá cie informačného správania sa vybraných trhových subjektov kapitálového trhu a jednotlivých foriem zneužívania kapitálového trhu v európskom a národnom rámci. 
610 2 0 |a recenzie 
610 2 0 |a trh kapitálový 
610 2 0 |a služby investičné 
610 2 0 |a regulácia trhu 
610 2 0 |a právo obchodné 
100 1 |a Holub, Dušan